000 00418nam a22001697a 4500
003 OSt
005 20220114145623.0
008 220114b |||||||| |||| 00| 0 eng d
020 _a0028018818
040 _cH.U
082 _a604.2
100 _aJensen
_924109
245 _aDrawing Workbook for Engineering Drawing & Design
250 _a5th
260 _aU.S.A
_bGlencoe McGraw Hill
_c1997
942 _2ddc
_cBOOKS
_n0
999 _c27123
_d27123